Computer Network (Record no. 297450)

MARC details
000 -LEADER
fixed length control field 00446nam a2200157Ia 4500
008 - FIXED-LENGTH DATA ELEMENTS--GENERAL INFORMATION
fixed length control field 230718s9999 xx 000 0 und d
041 ## - LANGUAGE CODE
Language code of text/sound track or separate title eng
082 ## - DEWEY DECIMAL CLASSIFICATION NUMBER
Classification number 004.6'5
Item number PET
100 ## - MAIN ENTRY--PERSONAL NAME
Personal name Peterson L.L.
9 (RLIN) 108584
245 ## - TITLE STATEMENT
Title Computer Network
Remainder of title A Systems Approach
260 ## - PUBLICATION, DISTRIBUTION, ETC. (IMPRINT)
Date of publication, distribution, etc. 1996
Name of publisher, distributor, etc. Morgan K
300 ## - PHYSICAL DESCRIPTION
Extent 551
Accompanying material [OBSOLETE, CAN/MARC] Ref 589 C (8656)
365 ## - TRADE PRICE
Currency code Rs.
Price amount 3209.80
700 ## - ADDED ENTRY--PERSONAL NAME
Personal name Peterson L.L. & Davie S.
9 (RLIN) 186276
906 ## - LOCAL DATA ELEMENT F, LDF (RLIN)
d B:552507-Sep-1998
c COMP
b 481.47
Holdings
Withdrawn status Lost status Source of classification or shelving scheme Reference No Damaged status Not for loan Home library Current library Date acquired Vendor Budget Code Cost, normal purchase price Bill number Full call number Barcode Date last seen Discount Cost, replacement price Bill Date Koha item type Original Barcode
    Dewey Decimal Classification Ref 589 C (8656)   Reference Cummins College of Engineering for Women Pune Cummins College of Engineering for Women Pune 18/09/1998 Technical Book Services COMP 2728.33 5525 004.6'5 CCEP-BK-8656 18/07/2023 481.47 3209.80 07/09/1998 Books 008656